[Event "British Columbia-Washington m B"]
[Site "Victoria CAN"]
[Date "2017.01.15"]
[Round "4.4"]
[White "Mayer, Jacob"]
[Black "Hiebert, Kenji"]
[Result "0-1"]
[WhiteElo "1710"]
[BlackElo "2038"]
[WhiteFideId "-1"]
[WhiteFideId "-1"]
[PlyCount "64"]
[GameId "2160767908478930"]
[EventDate "2017.01.13"]
[EventType "team"]
[EventRounds "5"]
[EventCountry "CAN"]
[SourceTitle "EXT 2022"]
[Source "ChessBase"]
[SourceDate "2021.10.06"]
[SourceVersion "1"]
[SourceVersionDate "2021.10.06"]
[SourceQuality "1"]

1. e4 c5 2. c4 Nc6 3. Ne2 e5 4. d3 g6 5. f4 Bg7 6. Nbc3 Nge7 7. g3 d6 8. Bg2 O-O 9. O-O exf4 10. Bxf4 Nd4 11. Qd2 Bg4 12. Nxd4 Bxd4+ 13. Be3 Nc6 14. h3 Be6 15. Ne2 Be5 16. Bf4 Qd7 17. Kh2 a6 18. Rac1 b5 19. a3 Rfb8 20. b4 bxc4 21. dxc4 cxb4 22. Rfd1 bxa3 23. Bxe5 Nxe5 24. Qxd6 Qxd6 25. Rxd6 Bxc4 26. Nc3 Rb2 27. Na4 Rab8 28. Nxb2 axb2 29. Rb1 Bd3 30. Rxd3 Nxd3 31. Bf1 Nc5 32. Bg2 Na4 0-1

[Event "British Columbia-Washington m B"]
[Site "Victoria CAN"]
[Date "2017.01.15"]
[Round "5.1"]
[White "Norovsambuu, Badamkhand"]
[Black "Ozkan, Charlie"]
[Result "1-0"]
[WhiteElo "2101"]
[BlackElo "1947"]
[WhiteFideId "-1"]
[WhiteFideId "-1"]
[PlyCount "57"]
[GameId "2160767908478932"]
[EventDate "2017.01.13"]
[EventType "team"]
[EventRounds "5"]
[EventCountry "CAN"]
[SourceTitle "EXT 2022"]
[Source "ChessBase"]
[SourceDate "2021.10.06"]
[SourceVersion "1"]
[SourceVersionDate "2021.10.06"]
[SourceQuality "1"]

1. d4 Nf6 2. c4 g6 3. Nc3 Bg7 4. e4 d6 5. Nf3 O-O 6. Be2 Nbd7 7. O-O c5 8. h3 Ne8 9. Be3 b6 10. Qd2 e6 11. Bh6 Ndf6 12. dxc5 bxc5 13. Bxg7 Kxg7 14. e5 Nd7 15. exd6 Qb6 16. Rfd1 Bb7 17. a3 Bc6 18. Rab1 Qb3 19. Qe3 Qb6 20. Ne5 Nxe5 21. Qxe5+ Kg8 22. b4 Rd8 23. bxc5 Qa5 24. Bf3 Bxf3 25. gxf3 Ng7 26. Ne4 Qxa3 27. Nf6+ Kh8 28. Qe3 Qa4 29. Qh6 1-0

[Event "British Columbia-Washington m B"]
[Site "Victoria CAN"]
[Date "2017.01.15"]
[Round "5.2"]
[White "Pauric, Ivan"]
[Black "Murray, Mike"]
[Result "1/2-1/2"]
[WhiteElo "1965"]
[BlackElo "2077"]
[WhiteFideId "-1"]
[WhiteFideId "-1"]
[PlyCount "55"]
[GameId "2160767908478933"]
[EventDate "2017.01.13"]
[EventType "team"]
[EventRounds "5"]
[EventCountry "CAN"]
[SourceTitle "EXT 2022"]
[Source "ChessBase"]
[SourceDate "2021.10.06"]
[SourceVersion "1"]
[SourceVersionDate "2021.10.06"]
[SourceQuality "1"]

1. d4 Nc6 2. Bf4 d6 3. h3 g6 4. Nf3 Bg7 5. c3 Nf6 6. e3 O-O 7. Be2 Qe8 8. O-O b6 9. Nbd2 Bb7 10. Re1 e5 11. dxe5 dxe5 12. Bh2 Rd8 13. Qa4 e4 14. Bxc7 exf3 15. Bxd8 Qxd8 16. Nxf3 Qa8 17. Rad1 Ne7 18. Rd2 Ne4 19. Rdd1 Nc5 20. Qf4 Ne6 21. Qh2 Bd5 22. a3 Qb7 23. Rd2 Nc5 24. Rdd1 Bb3 25. Rc1 Bd5 26. Rcd1 Ne4 27. Rd3 Bc4 28. Rdd1 1/2-1/2

[Event "British Columbia-Washington m B"]
[Site "Victoria CAN"]
[Date "2017.01.15"]
[Round "5.3"]
[White "Hiebert, Kenji"]
[Black "Trandafir, Stefan"]
[Result "1-0"]
[WhiteElo "2038"]
[BlackElo "1851"]
[WhiteFideId "-1"]
[WhiteFideId "-1"]
[PlyCount "77"]
[GameId "2160767908478934"]
[EventDate "2017.01.13"]
[EventType "team"]
[EventRounds "5"]
[EventCountry "CAN"]
[SourceTitle "EXT 2022"]
[Source "ChessBase"]
[SourceDate "2021.10.06"]
[SourceVersion "1"]
[SourceVersionDate "2021.10.06"]
[SourceQuality "1"]

1. e4 c5 2. Nf3 Nc6 3. Bb5 g6 4. Bxc6 dxc6 5. d3 Bg7 6. h3 e5 7. a4 Qe7 8. a5 Nf6 9. Be3 Nd7 10. Qd2 Nf8 11. Bh6 Ne6 12. Bxg7 Nxg7 13. Qh6 f5 14. Nbd2 Bd7 15. Nc4 O-O-O 16. O-O Ne6 17. Ncxe5 f4 18. Nxd7 Rxd7 19. Ne5 Rdd8 20. a6 Nd4 21. axb7+ Kxb7 22. Nc4 Nxc2 23. Na5+ Kb6 24. Nc4+ Kb7 25. Ra4 Rhf8 26. Rc1 Nb4 27. Na5+ Kb6 28. Rxb4+ cxb4 29. Nxc6 Qc7 30. Qg5 Qxc6 31. Rxc6+ Kxc6 32. Qa5 Rb8 33. d4 f3 34. Qc5+ Kd7 35. Qxa7+ Ke6 36. Qxh7 fxg2 37. Qxg6+ Rf6 38. d5+ Ke7 39. Qg7+ 1-0

[Event "British Columbia-Washington m B"]
[Site "Victoria CAN"]
[Date "2017.01.15"]
[Round "5.4"]
[White "Mayer, Jacob"]
[Black "Williamson, Jason"]
[Result "1/2-1/2"]
[WhiteElo "1710"]
[BlackElo "2028"]
[WhiteFideId "-1"]
[WhiteFideId "-1"]
[PlyCount "52"]
[GameId "2160767908478935"]
[EventDate "2017.01.13"]
[EventType "team"]
[EventRounds "5"]
[EventCountry "CAN"]
[SourceTitle "EXT 2022"]
[Source "ChessBase"]
[SourceDate "2021.10.06"]
[SourceVersion "1"]
[SourceVersionDate "2021.10.06"]
[SourceQuality "1"]

1. e4 c5 2. c4 Nc6 3. Ne2 e6 4. d4 cxd4 5. Nxd4 Nf6 6. f3 Nxe4 7. fxe4 Qh4+ 8. Ke2 Qxe4+ 9. Be3 Bc5 10. Nc2 Nb4 11. Nc3 Qxc2+ 12. Qxc2 Nxc2 13. Bxc5 Nxa1 14. Kd2 b6 15. Bd4 Bb7 16. Bd3 Nb3+ 17. axb3 f6 18. Rg1 e5 19. Be3 O-O 20. g3 f5 21. Rf1 e4 22. Be2 Rad8 23. Bg5 Rde8 24. Nb5 h6 25. Be3 Re6 26. Nd4 Ref6 1/2-1/2

[Event "British Columbia-Washington m B"]
[Site "Victoria CAN"]
[Date "2017.01.15"]
[Round "5.5"]
[White "Seshadri, Sridhar"]
[Black "Kagaoan, Jose"]
[Result "1/2-1/2"]
[WhiteElo "1672"]
[BlackElo "1996"]
[WhiteFideId "-1"]
[WhiteFideId "-1"]
[PlyCount "89"]
[GameId "2160767908478936"]
[EventDate "2017.01.13"]
[EventType "team"]
[EventRounds "5"]
[EventCountry "CAN"]
[SourceTitle "EXT 2022"]
[Source "ChessBase"]
[SourceDate "2021.10.06"]
[SourceVersion "1"]
[SourceVersionDate "2021.10.06"]
[SourceQuality "1"]

1. d4 h6 2. c4 g5 3. Nc3 Bg7 4. e4 c5 5. Be3 Qa5 6. Nge2 Nf6 7. Qc2 cxd4 8. Nxd4 d6 9. Be2 Nc6 10. Nxc6 bxc6 11. O-O Ng4 12. Bxg4 Bxg4 13. f3 Be6 14. Ne2 Qb4 15. Bd4 Bxd4+ 16. Nxd4 Bd7 17. b3 d5 18. Rfc1 Qc5 19. Qf2 e5 20. Nf5 Qxf2+ 21. Kxf2 Bxf5 22. exf5 d4 23. Rd1 Ke7 24. Rd3 h5 25. b4 Kf6 26. Rb1 Kxf5 27. Rbb3 Ke6 28. Ra3 Rhb8 29. Ra6 Rxb4 30. Rxc6+ Kd7 31. Rf6 Ke7 32. Rc6 Rb2+ 33. Kg3 Rxa2 34. Rb3 Rd8 35. Rd3 f5 36. Rb3 Kd7 37. Rh6 h4+ 38. Kh3 Kc7 39. c5 Rc2 40. Ra3 Rxc5 41. Rxa7+ Kb8 42. Rha6 Rdc8 43. Rd7 Rb5 44. Rf6 Rb7 45. Rd5 1/2-1/2

[Event "British Columbia-ch"]
[Site "Victoria CAN"]
[Date "2017.10.06"]
[Round "1.1"]
[White "Doknjas, Joshua"]
[Black "Doknjas, John"]
[Result "1/2-1/2"]
[WhiteElo "2228"]
[BlackElo "2273"]
[WhiteFideId "-1"]
[WhiteFideId "-1"]
[PlyCount "35"]
[GameId "2160767908325943"]
[EventDate "2017.10.06"]
[EventType "tourn"]
[EventRounds "7"]
[EventCountry "CAN"]
[SourceTitle "EXT 2022"]
[Source "ChessBase"]
[SourceDate "2021.10.06"]
[SourceVersion "1"]
[SourceVersionDate "2021.10.06"]
[SourceQuality "1"]

1. e4 e5 2. Nf3 Nc6 3. Bc4 Nf6 4. d3 Be7 5. O-O O-O 6. Re1 d6 7. a4 Na5 8. Ba2 c5 9. c3 Nc6 10. Na3 h6 11. Bd2 Be6 12. Bxe6 fxe6 13. Nc2 d5 14. exd5 Qxd5 15. Re3 Ng4 16. Re4 Nf6 17. Re3 Ng4 18. Re4 1/2-1/2

[Event "British Columbia-ch"]
[Site "Victoria CAN"]
[Date "2017.10.06"]
[Round "1.2"]
[White "Morozov, Grigory"]
[Black "Pechisker, Alfred"]
[Result "1/2-1/2"]
[WhiteElo "2344"]
[BlackElo "2238"]
[WhiteFideId "-1"]
[WhiteFideId "-1"]
[PlyCount "80"]
[GameId "2160767908325944"]
[EventDate "2017.10.06"]
[EventType "tourn"]
[EventRounds "7"]
[EventCountry "CAN"]
[SourceTitle "EXT 2022"]
[Source "ChessBase"]
[SourceDate "2021.10.06"]
[SourceVersion "1"]
[SourceVersionDate "2021.10.06"]
[SourceQuality "1"]

1. d4 d5 2. Nf3 Nf6 3. c4 c6 4. Qc2 e6 5. Nbd2 Be7 6. g3 Nbd7 7. Bg2 O-O 8. O-O b5 9. b3 a5 10. e4 a4 11. Rb1 axb3 12. axb3 bxc4 13. bxc4 Ba6 14. Re1 Nxe4 15. Nxe4 dxe4 16. Rxe4 c5 17. dxc5 Nxc5 18. Rd4 Qa5 19. Ng5 Qe1+ 20. Bf1 Bxg5 21. Bxg5 Qe5 22. Rh4 h6 23. Bd2 Bb7 24. Bc3 Be4 25. Bxe5 Bxc2 26. Rb5 Nd3 27. Bxd3 Bxd3 28. Rb3 Rfd8 29. Rg4 g5 30. c5 Rd5 31. Bd6 Ra1+ 32. Kg2 Bf1+ 33. Kf3 Rad1 34. Ra4 h5 35. g4 h4 36. c6 h3 37. c7 Bg2+ 38. Ke2 Bf1+ 39. Kf3 Bg2+ 40. Ke2 Bf1+ 1/2-1/2

[Event "British Columbia-ch"]
[Site "Victoria CAN"]
[Date "2017.10.06"]
[Round "1.3"]
[White "Wu, Howard"]
[Black "Gansvind, Valeriya"]
[Result "1/2-1/2"]
[WhiteElo "2225"]
[BlackElo "2232"]
[WhiteFideId "-1"]
[WhiteFideId "-1"]
[PlyCount "58"]
[GameId "2160767908325945"]
[EventDate "2017.10.06"]
[EventType "tourn"]
[EventRounds "7"]
[EventCountry "CAN"]
[SourceTitle "EXT 2022"]
[Source "ChessBase"]
[SourceDate "2021.10.06"]
[SourceVersion "1"]
[SourceVersionDate "2021.10.06"]
[SourceQuality "1"]

1. e4 g6 2. d4 d6 3. c4 Bg7 4. Nc3 c6 5. Nf3 Bg4 6. Be2 Bxf3 7. Bxf3 Qb6 8. d5 Nd7 9. O-O Ngf6 10. Rb1 O-O 11. Be3 Qc7 12. Be2 a6 13. Qd2 Rfc8 14. Rfc1 Qd8 15. h3 cxd5 16. exd5 Nb6 17. b3 Rab8 18. a4 Nbd7 19. Ba7 Ra8 20. Bd4 a5 21. Qe3 Qf8 22. g4 Nc5 23. Bxc5 Rxc5 24. b4 axb4 25. Rxb4 Rc7 26. Rcb1 Nd7 27. Nb5 Rc5 28. Nd4 Bxd4 29. Qxd4 Rca5 1/2-1/2

[Event "British Columbia-ch"]
[Site "Victoria CAN"]
[Date "2017.10.06"]
[Round "1.4"]
[White "Sohal, Tanraj"]
[Black "Hemstapat, Andrew"]
[Result "1-0"]
[WhiteElo "2369"]
[BlackElo "2047"]
[WhiteFideId "-1"]
[WhiteFideId "-1"]
[PlyCount "77"]
[GameId "2160767908325946"]
[EventDate "2017.10.06"]
[EventType "tourn"]
[EventRounds "7"]
[EventCountry "CAN"]
[SourceTitle "EXT 2022"]
[Source "ChessBase"]
[SourceDate "2021.10.06"]
[SourceVersion "1"]
[SourceVersionDate "2021.10.06"]
[SourceQuality "1"]

1. d4 Nf6 2. Bg5 Ne4 3. Bf4 d6 4. Nd2 Nf6 5. e4 Nc6 6. d5 e5 7. Bg5 Ne7 8. Bd3 Bd7 9. Ne2 Ng6 10. f3 Be7 11. Be3 Nh5 12. g3 O-O 13. Nf1 c5 14. c4 Bg5 15. Qd2 Bxe3 16. Nxe3 Qf6 17. O-O Qg5 18. Kh1 Qh6 19. Rg1 Ne7 20. g4 Nf4 21. Nf5 Bxf5 22. gxf5 Kh8 23. Nxf4 exf4 24. Rg4 g5 25. h4 Rg8 26. Qh2 Qf6 27. hxg5 Rxg5 28. Rh4 Kg8 29. Rxh7 Kf8 30. Rh6 Qe5 31. Rh8+ Ng8 32. Qh6+ Qg7 33. Qxd6+ Ke8 34. Rh2 Rd8 35. Qxc5 Nf6 36. Bc2 Ra8 37. Ba4+ Kd8 38. Qd6+ Kc8 39. e5 1-0

[Event "British Columbia-ch"]
[Site "Victoria CAN"]
[Date "2017.10.07"]
[Round "2.1"]
[White "Doknjas, John"]
[Black "Hemstapat, Andrew"]
[Result "1-0"]
[WhiteElo "2273"]
[BlackElo "2047"]
[WhiteFideId "-1"]
[WhiteFideId "-1"]
[PlyCount "77"]
[GameId "2160767908325947"]
[EventDate "2017.10.06"]
[EventType "tourn"]
[EventRounds "7"]
[EventCountry "CAN"]
[SourceTitle "EXT 2022"]
[Source "ChessBase"]
[SourceDate "2021.10.06"]
[SourceVersion "1"]
[SourceVersionDate "2021.10.06"]
[SourceQuality "1"]

1. e4 e6 2. d3 d5 3. Nd2 Nf6 4. Ngf3 c5 5. g3 Nc6 6. Bg2 b6 7. O-O Bb7 8. Re1 Be7 9. h4 h6 10. c3 dxe4 11. dxe4 Qd7 12. Qc2 g5 13. hxg5 hxg5 14. Nxg5 Ng4 15. Nc4 b5 16. Rd1 Qc7 17. Qe2 bxc4 18. Qxg4 Ne5 19. Qf4 Bxg5 20. Qxg5 Nd3 21. b3 Rd8 22. bxc4 Ba6 23. Qg7 Qe5 24. Qxe5 Nxe5 25. Bg5 Rxd1+ 26. Rxd1 Nd7 27. e5 Bxc4 28. Bc6 Bd5 29. Bxd5 exd5 30. Rxd5 Rg8 31. f4 Rg6 32. Kf2 Ra6 33. Rd2 Ra3 34. f5 Ra6 35. Ke3 Rc6 36. c4 Rc8 37. Kf4 Nb6 38. e6 Nxc4 39. Rh2 1-0

[Event "British Columbia-ch"]
[Site "Victoria CAN"]
[Date "2017.10.07"]
[Round "2.3"]
[White "Pechisker, Alfred"]
[Black "Wu, Howard"]
[Result "1/2-1/2"]
[WhiteElo "2238"]
[BlackElo "2225"]
[WhiteFideId "-1"]
[WhiteFideId "-1"]
[PlyCount "135"]
[GameId "2160767908325950"]
[EventDate "2017.10.06"]
[EventType "tourn"]
[EventRounds "7"]
[EventCountry "CAN"]
[SourceTitle "EXT 2022"]
[Source "ChessBase"]
[SourceDate "2021.10.06"]
[SourceVersion "1"]
[SourceVersionDate "2021.10.06"]
[SourceQuality "1"]

1. d4 Nf6 2. c4 g6 3. Nc3 Bg7 4. e4 d6 5. f3 O-O 6. Bg5 c5 7. d5 e6 8. Qd2 h6 9. Be3 exd5 10. cxd5 a6 11. a4 Nbd7 12. Nh3 Ne5 13. Nf2 h5 14. h3 Qa5 15. f4 Ned7 16. Ra3 Re8 17. Bd3 Qb4 18. a5 b5 19. O-O c4 20. Bb1 Nc5 21. Qe2 Na4 22. Nxa4 bxa4 23. Qd2 Rb8 24. Qxb4 Rxb4 25. Bd4 Bd7 26. Rc1 h4 27. Rf3 Nh5 28. Bxg7 Kxg7 29. Nd1 Ng3 30. Re3 f6 31. Kf2 Reb8 32. Rec3 Bb5 33. Kf3 Rb7 34. Ba2 Re7 35. Bb1 f5 36. exf5 Ne2 37. fxg6 Nxc1 38. Rxc1 Rb3+ 39. Rc3 Re1 40. Bc2 Rxc3+ 41. Nxc3 Rc1 42. Bxa4 Bxa4 43. Nxa4 Ra1 44. Nb6 Rxa5 45. f5 Rb5 46. Nxc4 Rxd5 47. Ne3 Rd4 48. Ng4 Rb4 49. Ke3 a5 50. b3 d5 51. Kf3 Rxb3+ 52. Kf4 a4 53. Kg5 Rb6 54. f6+ Rxf6 55. Nxf6 a3 56. Nxd5 a2 57. Nf4 a1=Q 58. Kxh4 Kh6 59. Kg4 Qd1+ 60. Kh4 Qd4 61. Kg4 Qd7+ 62. Kf3 Qc6+ 63. Kg4 Qe4 64. h4 Qd4 65. g3 Qe4 66. Kh3 Qf3 67. Kh2 Qf2+ 68. Kh3 1/2-1/2

[Event "British Columbia-ch"]
[Site "Victoria CAN"]
[Date "2017.10.07"]
[Round "3.1"]
[White "Morozov, Grigory"]
[Black "Doknjas, John"]
[Result "1/2-1/2"]
[WhiteElo "2344"]
[BlackElo "2273"]
[WhiteFideId "-1"]
[WhiteFideId "-1"]
[PlyCount "89"]
[GameId "2160767908325952"]
[EventDate "2017.10.06"]
[EventType "tourn"]
[EventRounds "7"]
[EventCountry "CAN"]
[SourceTitle "EXT 2022"]
[Source "ChessBase"]
[SourceDate "2021.10.06"]
[SourceVersion "1"]
[SourceVersionDate "2021.10.06"]
[SourceQuality "1"]

1. d4 Nf6 2. c4 c5 3. d5 e6 4. Nc3 exd5 5. cxd5 d6 6. e4 g6 7. Nf3 Bg7 8. Be2 O-O 9. O-O a6 10. a4 Bg4 11. Bf4 Bxf3 12. Bxf3 Qe7 13. Qd2 Nbd7 14. Bg5 Rfe8 15. h3 c4 16. Qf4 Nc5 17. Qh4 h6 18. Bxh6 Bxh6 19. Qxh6 Nfxe4 20. Bxe4 Nxe4 21. Rae1 Qg5 22. Qxg5 Nxg5 23. f4 Nh7 24. f5 Kg7 25. Re4 Rac8 26. Rff4 Rxe4 27. Nxe4 g5 28. Rg4 b5 29. axb5 axb5 30. Nxd6 Rc5 31. Rd4 Nf6 32. Kf2 Kf8 33. Kf3 Ke7 34. Ne4 Nxe4 35. Kxe4 Kd6 36. Rd1 b4 37. f6 c3 38. bxc3 bxc3 39. g4 c2 40. Rc1 Rc4+ 41. Kf5 Kxd5 42. Kxg5 Ke6 43. Re1+ Kd6 44. Rc1 Ke6 45. Re1+ 1/2-1/2

[Event "British Columbia-ch"]
[Site "Victoria CAN"]
[Date "2017.10.07"]
[Round "3.2"]
[White "Wu, Howard"]
[Black "Doknjas, Joshua"]
[Result "0-1"]
[WhiteElo "2225"]
[BlackElo "2228"]
[WhiteFideId "-1"]
[WhiteFideId "-1"]
[PlyCount "72"]
[GameId "2160767908325953"]
[EventDate "2017.10.06"]
[EventType "tourn"]
[EventRounds "7"]
[EventCountry "CAN"]
[SourceTitle "EXT 2022"]
[Source "ChessBase"]
[SourceDate "2021.10.06"]
[SourceVersion "1"]
[SourceVersionDate "2021.10.06"]
[SourceQuality "1"]

1. Nf3 c5 2. e4 d6 3. d4 cxd4 4. Nxd4 Nf6 5. Nc3 a6 6. Bg5 Nbd7 7. f4 Qc7 8. Qf3 b5 9. Bd3 Bb7 10. O-O-O Qb6 11. Bxf6 Nxf6 12. g4 g6 13. g5 Nd7 14. Nb3 Bg7 15. Nd5 Bxd5 16. exd5 a5 17. Nd2 a4 18. a3 O-O 19. h4 Rfc8 20. h5 Qd4 21. Ne4 Qxb2+ 22. Kd2 Nb6 23. hxg6 hxg6 24. Rb1 Qd4 25. Rxb5 Nc4+ 26. Ke2 Nxa3 27. c3 Nxb5 28. Bxb5 Qb6 29. Bc6 Rab8 30. f5 Qb2+ 31. Kd3 Rxc6 32. dxc6 d5 33. fxg6 dxe4+ 34. Kxe4 Rb4+ 35. cxb4 Qd4+ 36. Kf5 e6# 0-1

[Event "British Columbia-ch"]
[Site "Victoria CAN"]
[Date "2017.10.07"]
[Round "3.3"]
[White "Sohal, Tanraj"]
[Black "Pechisker, Alfred"]
[Result "1-0"]
[WhiteElo "2369"]
[BlackElo "2238"]
[WhiteFideId "-1"]
[WhiteFideId "-1"]
[PlyCount "91"]
[GameId "2160767908325954"]
[EventDate "2017.10.06"]
[EventType "tourn"]
[EventRounds "7"]
[EventCountry "CAN"]
[SourceTitle "EXT 2022"]
[Source "ChessBase"]
[SourceDate "2021.10.06"]
[SourceVersion "1"]
[SourceVersionDate "2021.10.06"]
[SourceQuality "1"]

1. d4 d5 2. c4 c6 3. cxd5 cxd5 4. Bf4 e6 5. Nc3 Bd6 6. Bxd6 Qxd6 7. e3 a6 8. Rc1 Nc6 9. Bd3 Nf6 10. f4 O-O 11. Nf3 b5 12. O-O Bb7 13. Ne5 Rac8 14. Bb1 Rc7 15. Nd3 Rfc8 16. Nc5 Nd7 17. Nxd7 Qxd7 18. f5 e5 19. f6 e4 20. fxg7 Na5 21. Qe1 Nc4 22. Qf2 b4 23. Ne2 Qg4 24. Ng3 Nd6 25. Rxc7 Rxc7 26. Bc2 Qg5 27. Bb3 Kxg7 28. Ne2 Ne8 29. h4 Qe7 30. Nf4 Qd6 31. Qg3+ Kf8 32. Qg5 Rd7 33. Qf5 Kg8 34. Nh5 Bc6 35. Nf4 a5 36. Nh3 Ng7 37. Qg5 h6 38. Qg4 Qe6 39. Qg3 Kh7 40. Bd1 Qd6 41. Qxd6 Rxd6 42. Rxf7 Bb5 43. Nf4 Kg8 44. Ra7 Nf5 45. Kf2 a4 46. g4 1-0

[Event "British Columbia-ch"]
[Site "Victoria CAN"]
[Date "2017.10.07"]
[Round "3.4"]
[White "Hemstapat, Andrew"]
[Black "Gansvind, Valeriya"]
[Result "1-0"]
[WhiteElo "2047"]
[BlackElo "2232"]
[WhiteFideId "-1"]
[WhiteFideId "-1"]
[PlyCount "47"]
[GameId "2160767908325955"]
[EventDate "2017.10.06"]
[EventType "tourn"]
[EventRounds "7"]
[EventCountry "CAN"]
[SourceTitle "EXT 2022"]
[Source "ChessBase"]
[SourceDate "2021.10.06"]
[SourceVersion "1"]
[SourceVersionDate "2021.10.06"]
[SourceQuality "1"]

1. e4 c5 2. Nf3 e6 3. Nc3 a6 4. d4 cxd4 5. Nxd4 Qc7 6. a3 Nf6 7. Be3 d6 8. f4 b5 9. g4 Bb7 10. Bg2 Nfd7 11. Qe2 Nb6 12. O-O Nc4 13. Nd1 Nxe3 14. Nxe3 Be7 15. g5 Nd7 16. Rae1 Nb6 17. f5 e5 18. f6 exd4 19. Nd5 Bxd5 20. exd5 O-O 21. fxe7 Rfe8 22. Rxf7 Qd7 23. Qf3 Nc4 24. Bh3 1-0

[Event "British Columbia-ch"]
[Site "Victoria CAN"]
[Date "2017.10.08"]
[Round "4.1"]
[White "Doknjas, John"]
[Black "Gansvind, Valeriya"]
[Result "1-0"]
[WhiteElo "2273"]
[BlackElo "2232"]
[WhiteFideId "-1"]
[WhiteFideId "-1"]
[PlyCount "87"]
[GameId "2160767908325956"]
[EventDate "2017.10.06"]
[EventType "tourn"]
[EventRounds "7"]
[EventCountry "CAN"]
[SourceTitle "EXT 2022"]
[Source "ChessBase"]
[SourceDate "2021.10.06"]
[SourceVersion "1"]
[SourceVersionDate "2021.10.06"]
[SourceQuality "1"]

1. d4 Nf6 2. c4 e5 3. dxe5 Ng4 4. Bf4 Bb4+ 5. Nd2 d6 6. exd6 Qf6 7. Bg3 Qxb2 8. Ngf3 Nc6 9. Qc1 Qxc1+ 10. Rxc1 cxd6 11. e3 Nge5 12. Be2 Bf5 13. O-O O-O 14. Nb3 Nxf3+ 15. Bxf3 Rfe8 16. Rcd1 Be6 17. Bxd6 Bxd6 18. Rxd6 Bxc4 19. Rc1 Bxb3 20. axb3 Red8 21. Rxd8+ Rxd8 22. Bxc6 bxc6 23. Kf1 Rd6 24. Ra1 Rd7 25. Ra6 Rc7 26. Ke2 Kf8 27. Kd3 Ke7 28. Kc4 Kd7 29. e4 Kc8 30. Kc5 Kb7 31. Ra4 Rd7 32. Rd4 Rxd4 33. Kxd4 Kb6 34. f4 Kb5 35. e5 g6 36. g4 Kb4 37. f5 c5+ 38. Kd5 gxf5 39. gxf5 Kxb3 40. Kxc5 a5 41. e6 fxe6 42. fxe6 a4 43. e7 a3 44. e8=Q 1-0

[Event "British Columbia-ch"]
[Site "Victoria CAN"]
[Date "2017.10.08"]
[Round "4.2"]
[White "Pechisker, Alfred"]
[Black "Hemstapat, Andrew"]
[Result "1/2-1/2"]
[WhiteElo "2238"]
[BlackElo "2047"]
[WhiteFideId "-1"]
[WhiteFideId "-1"]
[PlyCount "89"]
[GameId "2160767908325957"]
[EventDate "2017.10.06"]
[EventType "tourn"]
[EventRounds "7"]
[EventCountry "CAN"]
[SourceTitle "EXT 2022"]
[Source "ChessBase"]
[SourceDate "2021.10.06"]
[SourceVersion "1"]
[SourceVersionDate "2021.10.06"]
[SourceQuality "1"]

1. d4 Nf6 2. c4 g6 3. Nc3 Bg7 4. e4 d6 5. f3 O-O 6. Be3 c5 7. Nge2 Nc6 8. dxc5 dxc5 9. Qxd8 Rxd8 10. Bxc5 Nd7 11. Ba3 a5 12. Nd5 Nb4 13. O-O-O e6 14. Nc7 Rb8 15. Nc3 b6 16. Be2 Be5 17. N7b5 Ba6 18. Kb1 Nc5 19. g3 Bb7 20. Rxd8+ Rxd8 21. Rd1 Rxd1+ 22. Nxd1 h5 23. Ne3 h4 24. Nf1 g5 25. Bxb4 axb4 26. Kc1 f5 27. exf5 exf5 28. b3 h3 29. Kd2 Kf7 30. Ke3 Ne6 31. Kf2 Nd4 32. Bd1 Nxb5 33. cxb5 Bd4+ 34. Ke2 Bg1 35. Ne3 f4 36. gxf4 gxf4 37. Ng4 Bc8 38. Kf1 Bxg4 39. Kxg1 Bf5 40. Kf2 Ke6 41. Ke2 Kd5 42. Kd2 Kd4 43. Be2 Bb1 44. Bf1 Bf5 45. Be2 1/2-1/2

[Event "British Columbia-ch"]
[Site "Victoria CAN"]
[Date "2017.10.08"]
[Round "4.3"]
[White "Doknjas, Joshua"]
[Black "Sohal, Tanraj"]
[Result "1/2-1/2"]
[WhiteElo "2228"]
[BlackElo "2369"]
[WhiteFideId "-1"]
[WhiteFideId "-1"]
[PlyCount "30"]
[GameId "2160767908325958"]
[EventDate "2017.10.06"]
[EventType "tourn"]
[EventRounds "7"]
[EventCountry "CAN"]
[SourceTitle "EXT 2022"]
[Source "ChessBase"]
[SourceDate "2021.10.06"]
[SourceVersion "1"]
[SourceVersionDate "2021.10.06"]
[SourceQuality "1"]

1. e4 c5 2. Nf3 e6 3. d4 cxd4 4. Nxd4 Nf6 5. Nc3 Nc6 6. Nxc6 bxc6 7. e5 Nd5 8. Ne4 Bb7 9. Be2 Qc7 10. Nd6+ Bxd6 11. exd6 Qa5+ 12. Bd2 Qb6 13. c4 Nf6 14. f3 O-O 15. Bg5 Qb4+ 1/2-1/2

[Event "British Columbia-ch"]
[Site "Victoria CAN"]
[Date "2017.10.08"]
[Round "4.4"]
[White "Morozov, Grigory"]
[Black "Wu, Howard"]
[Result "1-0"]
[WhiteElo "2344"]
[BlackElo "2225"]
[WhiteFideId "-1"]
[WhiteFideId "-1"]
[PlyCount "71"]
[GameId "2160767908325959"]
[EventDate "2017.10.06"]
[EventType "tourn"]
[EventRounds "7"]
[EventCountry "CAN"]
[SourceTitle "EXT 2022"]
[Source "ChessBase"]
[SourceDate "2021.10.06"]
[SourceVersion "1"]
[SourceVersionDate "2021.10.06"]
[SourceQuality "1"]

1. d4 Nf6 2. c4 g6 3. Nc3 Bg7 4. e4 d6 5. Nf3 O-O 6. Be2 e5 7. dxe5 dxe5 8. Qxd8 Rxd8 9. Bg5 c6 10. Nxe5 Re8 11. O-O-O Na6 12. Rd6 Nh5 13. Nf3 Nc5 14. e5 Bg4 15. Be3 Ne6 16. h3 Bxf3 17. Bxf3 Bxe5 18. Rd7 Rab8 19. Bxh5 Nf8 20. Bg4 f5 21. Rd3 fxg4 22. hxg4 b5 23. cxb5 cxb5 24. Bxa7 Rbc8 25. Kb1 b4 26. Nd5 Bg7 27. Be3 Rc4 28. g5 Nd7 29. Rc1 Rh4 30. g3 Rhe4 31. Rb3 Ne5 32. Rxb4 Nd3 33. Rxe4 Rxe4 34. Rc8+ Kf7 35. Rc7+ Kg8 36. Nf6+ 1-0